000 01216nab a2200229 i 4500
001 768714001
003 CO-MdFUSB
005 20240523155709.0
008 240523t1974 sp ||||| |||| 00| 0 spa d
040 _bspa
_cCO-MdFUSB
_dCO-MdFUSB
041 _aspa
100 _aMíguez Bonino, José,
_eautor
245 3 _aLa piedad popular en América Latina
_c/ José Miguez Bonino ; traducido por
520 _aTanto la variedad y heterogeneidad de los fenómenos que caen bajo la designación común de «piedad popular» como la divergencia de las interpretaciones hacen de éste un tema de difícil aproximación. Sin embargo, reviste una importancia teórico-práctica que lo torna ineludible sea para la consideración de la problemática religiosa como de la sociopolítica latinoamericana y la indisoluble vinculación de ambas.
650 7 _aTeología de la liberación
_9449
650 7 _aFilosofía y religión
_9198
650 7 _aFe
_9531
650 7 _aCristianismo y cultura
_zAmérica Latina
_96961
773 0 _049450
_982676
_oR2586
_tRevista internacional de teología Concilium
_w(CO-MdFUSB)8
_x0210-1041
_gVolumen 96, (junio , 1974), páginas: 440 - 447
_qpáginas: 440
942 _cANA
945 _ac
999 _c69886
_d69886